00658nam a2200217Ia 4500003000400000005001700004008004100021020001800062040000700080041000800087082002200095100003100117245003000148260004000178300001600218365001300234906002900247942001200276999001900288952013300307OSt20230328095728.0210423s2008 xx 000 0 und d a9788126137305 cAL aeng a541.35 223bCHAR aCHAUDHARY (Roshan).978609 aBasics of photochemistry. aNew DelhibAnmol Publicationsc2008 avii,285bHB b900cINR aBasics ; photochemistry. 2ddccBK c154256d154256 001040708ACaSACPGbSACPGd2009-09-16eKnowledge Worldg900.00l0o541.35 CHARpPG000723r2022-08-24 00:00:00w2021-04-26yBK